Cơ sở lý thuyết mạch điện
Сохранить в:
| Главный автор: | |
|---|---|
| Формат: | |
| Язык: | Undetermined |
| Опубликовано: |
Hà Nội
Xây Dựng
2003
|
| Метки: |
Добавить метку
Нет меток, Требуется 1-ая метка записи!
|
| Thư viện lưu trữ: | Trung tâm Học liệu Trường Đại học Cần Thơ |
|---|
| LEADER | 00452nam a2200169Ia 4500 | ||
|---|---|---|---|
| 001 | CTU_56890 | ||
| 008 | 210402s9999 xx 000 0 und d | ||
| 020 | |b 36000 | ||
| 082 | |a 621.3192 | ||
| 082 | |b H406 | ||
| 100 | |a Thân Ngọc Hoàn | ||
| 245 | 0 | |a Cơ sở lý thuyết mạch điện | |
| 260 | |a Hà Nội | ||
| 260 | |b Xây Dựng | ||
| 260 | |c 2003 | ||
| 904 | |i Truc | ||
| 980 | |a Trung tâm Học liệu Trường Đại học Cần Thơ | ||